Sports Quiz

Random Sports or Tennis Quiz

Tennis 3+ Wins In Major Tournaments (Men) Quiz Stats

 Plays Quiz Updated Jan 30, 2018

Challenge
Share
Tweet
Embed
Score 0/70 Timer 10:00
0 Plays Today
Hint Answer % Correct
Australian OpenRoger Federer
97.9%
WimbledonRoger Federer
97.9%
US OpenRoger Federer
97.9%
ATP World Tour Masters 1000 Roger Federer
97.9%
French OpenRafael Nadal
95.9%
ATP World Tour Masters 1000 Rafael Nadal
95.9%
US OpenRafael Nadal
95%
WimbledonPete Sampras
92.2%
US OpenPete Sampras
92.2%
ATP World Tour Masters 1000 Pete Sampras
92.2%
Australian OpenNovak Djokovic
90.9%
WimbledonNovak Djokovic
90.9%
Australian OpenAndre Agassi
86.8%
ATP World Tour Masters 1000 Andre Agassi
86.7%
WimbledonBjörn Borg
84.6%
French OpenBjörn Borg
84.6%
WimbledonJohn McEnroe
80.9%
US OpenJohn McEnroe
80.9%
ATP World Tour Masters 1000 Novak Djokovic
74.1%
US OpenJimmy Connors
71.1%
WimbledonBoris Becker
68.3%
ATP World Tour Masters 1000 Boris Becker
68.3%
Australian OpenRod Laver
68.2%
WimbledonRod Laver
68.2%
French OpenIvan Lendl
66.7%
US OpenIvan Lendl
66.7%
ATP World Tour Masters 1000 Andy Murray
62.9%
ATP World Tour Masters 1000Andy Roddick
60%
ATP World Tour Masters 1000Stefan Edberg
51.4%
Australian OpenMats Wilander
45.7%
French OpenMats Wilander
45.7%
ATP World Tour Masters 1000Jim Courier
42.3%
French OpenGustavo Kuerten
41.1%
ATP World Tour Masters 1000Gustavo Kuerten
41.1%
WimbledonFred Perry
38.9%
Hint Answer % Correct
US OpenFred Perry
38.9%
ATP World Tour Masters 1000 Michael Chang
36.7%
ATP World Tour Masters 1000 Marat Safin
36.6%
WimbledonJohn Newcombe
33.3%
ATP World Tour Masters 1000 Thomas Muster
23.1%
ATP World Tour Masters 1000Marcelo Ríos
21.7%
Australian OpenRoy Emerson
21.6%
ATP World Tour Masters 1000Juan Carlos Ferrero
20.2%
Australian OpenKen Rosewall
19.6%
ATP World Tour Masters 1000Carlos Moya
19.5%
French OpenRené Lacoste
18.8%
ATP World Tour Masters 1000Nikolay Davydenko
16.7%
WimbledonBill Tilden
16.2%
US OpenBill Tilden
16.2%
ATP World Tour Masters 1000Andriy Medvedev
8.3%
WimbledonWilliam Renshaw
6.4%
ATP World Tour Masters 1000Thomas Enqvist
6.1%
French OpenHenri Cochet
5.9%
WimbledonReginald Doherty
3.5%
WimbledonLawrence Doherty
3.5%
US OpenRichard Sears
3.4%
WimbledonAnthony Wilding
3.1%
Australian OpenJames Anderson
3%
US OpenWilliam Larned
2.8%
Australian OpenJack Crawford
2.7%
French OpenMax Decugis
2.6%
WimbledonArthur Gore
2.2%
US OpenOliver Campbell
2%
Australian OpenAdrian Quist
1.7%
WimbledonWilfred Baddeley
1.7%
French OpenPaul Aymé
1.6%
US OpenRobert Wrenn
1.6%
US OpenMalcolm Whitman
1.6%
French OpenAndré Vacherot
1.4%
French OpenMaurice Germot
1.2%

You're not logged in!

Compare scores with friends on all Sporcle quizzes.
Join for Free
OR
Log In

You Might Also Like...

Show Comments

Extras

Top Quizzes Today


Score Distribution

Your Account Isn't Verified!

In order to create a playlist on Sporcle, you need to verify the email address you used during registration. Go to your Sporcle Settings to finish the process.

Report this User

Report this user for behavior that violates our Community Guidelines.

Details: